Normal view
MARC view
Entry Personal Name
001 - CONTROL NUMBER
- control field: 86978
003 - CONTROL NUMBER IDENTIFIER
- control field: dpl
005 - DATE AND TIME OF LATEST TRANSACTION
- control field: 20260128150927.0
008 - FIXED-LENGTH DATA ELEMENTS
- fixed length control field: 260128|| aca||aabn | a|a d
040 ## - CATALOGING SOURCE
- Original cataloging agency: dpl
- Transcribing agency: dpl
100 ## - HEADING--PERSONAL NAME
- Personal name: Darwin, Charles
670 ## - SOURCE DATA FOUND
- Source citation: Work cat.: (dpl)214592: Darwin, Charles, On the Origin of Species/, 2023
